PRINCIPLES OF GENETICS (Record no. 45014)
[ view plain ]
| 000 -LEADER | |
|---|---|
| fixed length control field | 00386nam a22001577a 4500 |
| 003 - CONTROL NUMBER IDENTIFIER | |
| control field | OSt |
| 005 - DATE AND TIME OF LATEST TRANSACTION | |
| control field | 20240309164536.0 |
| 008 - FIXED-LENGTH DATA ELEMENTS--GENERAL INFORMATION | |
| fixed length control field | 190402b xxu||||| |||| 00| 0 eng d |
| 020 ## - INTERNATIONAL STANDARD BOOK NUMBER | |
| International Standard Book Number | 8126510439 |
| 040 ## - CATALOGING SOURCE | |
| Transcribing agency | IIMT UNIVERSITY |
| 100 ## - MAIN ENTRY--PERSONAL NAME | |
| Personal name | GARDNER ELDON JOHN |
| 245 ## - TITLE STATEMENT | |
| Title | PRINCIPLES OF GENETICS |
| 260 ## - PUBLICATION, DISTRIBUTION, ETC. | |
| Place of publication, distribution, etc. | NEW DELHI |
| Name of publisher, distributor, etc. | PEARSON PUB |
| Date of publication, distribution, etc. | 2006 |
| 300 ## - PHYSICAL DESCRIPTION | |
| Extent | 649/119 |
| 942 ## - ADDED ENTRY ELEMENTS (KOHA) | |
| Source of classification or shelving scheme | |
| Koha item type | Book Bank |
| Edition | 2006 |
| Withdrawn status | Lost status | Source of classification or shelving scheme | Damaged status | Not for loan | Home library | Current library | Date acquired | Source of acquisition | Cost, normal purchase price | Inventory number | Total Checkouts | Barcode | Date last seen | Date last checked out | Uniform Resource Identifier | Price effective from | Koha item type |
|---|---|---|---|---|---|---|---|---|---|---|---|---|---|---|---|---|---|
| IIMT University Central Library Meerut | IIMT University Central Library Meerut | 10/04/2025 | U.B.S | 631.00 | 283 | 1 | 01-B-104918 | 07/29/2021 | 02/12/2021 | GENETICS | 04/02/2019 | Book Bank |

